• 首页
  • 本馆介绍
  • 公告通知
  • 最新文献
  • 馆藏检索
  • 电子资源
  • 读者导购
  • 参考咨询
  • 我的图书馆
  • 登录
  • 详细信息显示
  • 放入我的书架
  • 预约/预借图书
  • 作者相关作品
  • 分类相关作品
  • 丛书相关作品
  • 出版社相关作品

书目信息

  • 表格格式
  • 工作单格式
  • 卡片格式
题名:
让男孩独立自主自信自强的56个方法
    
 
作者: 王莉 编著
分册:  
出版信息: 北京   北京联合出版公司  2016
页数: 184页
开本: 24cm
丛书名: 出色男孩
单 册:
中图分类: B848.4-49 , G78
科图分类:
主题词: 成功心理--cheng gong xin li--少年读物 , 男性--nan xing--家庭教育
电子资源:
ISBN: 978-7-5502-7318-4
000 01161nam 2200289 450
001 012001003309
005 20130125160527.0
010    @a978-7-5502-7318-4@dCNY31.50
099    @aCAL 012017032396
100    @a20161215d2016 cemy0chiy50 ea
101 0  @achi
102    @aCN@b110000
105    @aa z 000yy
106    @ar
200 1  @a让男孩独立自主自信自强的56个方法@Arang nan hai du li zi zhu zi xin zi qiang de 56 ge fang fa@f王莉编著
210    @a北京@c北京联合出版公司@d2016
215    @a184页@c彩图@d24cm
225 2  @a出色男孩@Achu se nan hai
330    @a本书以名人名言的励志卡片、心灵感悟、优秀男孩变形记(漫画形式)、亲子互动(亲子问答形式)几个模块来展开内容,形象而深入地讲述了男孩子在成长发展过程中需要具备的独立自主、自强不息、自信勇敢、坚定执着、自律自制、坚决果断、乐观向上的品格。相信,本书一定能够为男孩的人生增光添彩,伴随着男孩走向美好的人生。
410  0 @12001 @a出色男孩
606 0  @a成功心理@Acheng gong xin li@j少年读物
606 0  @a男性@Anan xing@x家庭教育
690    @aB848.4-49@v5
690    @aG78@v5
701  0 @a王莉@Awang li@4编著
801  2 @aCN@b江苏凤凰@c20191020
905    @b1217713-6@dB848.4-49@e3154@f4
    
    让男孩独立自主自信自强的56个方法/王莉编著.-北京:北京联合出版公司,2016
    184页:彩图;24cm.-(出色男孩)
    
    
    ISBN 978-7-5502-7318-4:CNY31.50
    本书以名人名言的励志卡片、心灵感悟、优秀男孩变形记(漫画形式)、亲子互动(亲子问答形式)几个模块来展开内容,形象而深入地讲述了男孩子在成长发展过程中需要具备的独立自主、自强不息、自信勇敢、坚定执着、自律自制、坚决果断、乐观向上的品格。相信,本书一定能够为男孩的人生增光添彩,伴随着男孩走向美好的人生。
●
相关链接 在E读中查询图书 在五车中查询图书 在当当中查询图书 在豆瓣中查询图书


正题名:让男孩独立自主自信自强的56个方法     索取号:B848.4-49/3154         预约/预借

序号 登录号 条形码 馆藏地/架位号 状态 备注
1 1217713   212177133   第一样本阅览室/ [索取号:B848.4-49/3154] 在馆    
2 1217714   212177142   教育系资料室/ [索取号:B848.4-49/3154] 在馆    
3 1217715   212177151   教育系资料室/ [索取号:B848.4-49/3154] 在馆    
4 1217716   212177160   第一借阅区/ [索取号:B848.4-49/3154] 在馆    
唐山师范学院图书馆 欢迎您!
大连网信软件有限公司© 版权所有